Puntos aleatorios a la provincia española - Estadísticas

Estadísticas generales
  • Esta prueba ha sido intentada 193 veces
  • La puntuación promedio es 17 de 20
Respuestas en el mapa
Las respuestas están codificadas por una escala verde-roja en el mapa de la prueba según el % correcto abajo.
 
Estadísticas de respuestas
Provincia % Correcto
A Coruña
100%
A Coruña
100%
A Coruña
100%
A Coruña
100%
A Coruña
100%
A Coruña
100%
A Coruña
100%
A Coruña
100%
A Coruña
100%
A Coruña
100%
A Coruña
100%
A Coruña
100%
Albacete
100%
Albacete
100%
Albacete
100%
Albacete
100%
Albacete
100%
Albacete
100%
Albacete
100%
Albacete
100%
Albacete
100%
Albacete
100%
Albacete
100%
Albacete
100%
Albacete
100%
Albacete
100%
Albacete
100%
Albacete
100%
Albacete
100%
Albacete
100%
Albacete
100%
Albacete
100%
Alicante
100%
Alicante
100%
Alicante
100%
Alicante
100%
Alicante
100%
Alicante
100%
Alicante
100%
Almería
100%
Almería
100%
Almería
100%
Almería
100%
Almería
100%
Almería
100%
Almería
100%
Almería
100%
Almería
100%
Almería
100%
Araba
100%
Araba
100%
Araba
100%
Araba
100%
Asturias
100%
Asturias
100%
Asturias
100%
Asturias
100%
Asturias
100%
Asturias
100%
Asturias
100%
Asturias
100%
Asturias
100%
Asturias
100%
Asturias
100%
Asturias
100%
Asturias
100%
Asturias
100%
Asturias
100%
Asturias
100%
Asturias
100%
Asturias
100%
Asturias
100%
Ávila
100%
Ávila
100%
Ávila
100%
Ávila
100%
Ávila
100%
Ávila
100%
Ávila
100%
Ávila
100%
Badajoz
100%
Badajoz
100%
Badajoz
100%
Badajoz
100%
Badajoz
100%
Badajoz
100%
Badajoz
100%
Badajoz
100%
Badajoz
100%
Badajoz
100%
Badajoz
100%
Badajoz
100%
Badajoz
100%
Badajoz
100%
Badajoz
100%
Badajoz
100%
Badajoz
100%
Badajoz
100%
Badajoz
100%
Badajoz
100%
Badajoz
100%
Badajoz
100%
Badajoz
100%
Badajoz
100%
Badajoz
100%
Badajoz
100%
Badajoz
100%
Badajoz
100%
Badajoz
100%
Badajoz
100%
Badajoz
100%
Badajoz
100%
Badajoz
100%
Badajoz
100%
Badajoz
100%
Badajoz
100%
Badajoz
100%
Badajoz
100%
Badajoz
100%
Badajoz
100%
Badajoz
100%
Barcelona
100%
Barcelona
100%
Barcelona
100%
Barcelona
100%
Barcelona
100%
Barcelona
100%
Bizkaia
100%
Bizkaia
100%
Bizkaia
100%
Bizkaia
100%
Burgos
100%
Burgos
100%
Burgos
100%
Burgos
100%
Burgos
100%
Burgos
100%
Burgos
100%
Burgos
100%
Burgos
100%
Burgos
100%
Burgos
100%
Burgos
100%
Burgos
100%
Burgos
100%
Burgos
100%
Burgos
100%
Burgos
100%
Burgos
100%
Burgos
100%
Cáceres
100%
Cáceres
100%
Cáceres
100%
Cáceres
100%
Cáceres
100%
Cáceres
100%
Cáceres
100%
Cáceres
100%
Cáceres
100%
Cáceres
100%
Cáceres
100%
Cáceres
100%
Cáceres
100%
Cáceres
100%
Cáceres
100%
Cáceres
100%
Cáceres
100%
Cáceres
100%
Cáceres
100%
Cáceres
100%
Cáceres
100%
Cáceres
100%
Cáceres
100%
Cáceres
100%
Cáceres
100%
Cáceres
100%
Cáceres
100%
Cáceres
100%
Cáceres
100%
Cáceres
100%
Cáceres
100%
Cádiz
100%
Cádiz
100%
Cádiz
100%
Cádiz
100%
Cádiz
100%
Cádiz
100%
Cádiz
100%
Cádiz
100%
Cádiz
100%
Cádiz
100%
Cádiz
100%
Cádiz
100%
Cantabria
100%
Cantabria
100%
Cantabria
100%
Cantabria
100%
Cantabria
100%
Cantabria
100%
Cantabria
100%
Cantabria
100%
Castellón
100%
Castellón
100%
Castellón
100%
Castellón
100%
Castellón
100%
Castellón
100%
Castellón
100%
Ciudad Real
100%
Ciudad Real
100%
Ciudad Real
100%
Ciudad Real
100%
Ciudad Real
100%
Ciudad Real
100%
Ciudad Real
100%
Ciudad Real
100%
Ciudad Real
100%
Ciudad Real
100%
Ciudad Real
100%
Ciudad Real
100%
Ciudad Real
100%
Ciudad Real
100%
Ciudad Real
100%
Ciudad Real
100%
Ciudad Real
100%
Ciudad Real
100%
Ciudad Real
100%
Ciudad Real
100%
Ciudad Real
100%
Ciudad Real
100%
Ciudad Real
100%
Ciudad Real
100%
Ciudad Real
100%
Ciudad Real
100%
Ciudad Real
100%
Ciudad Real
100%
Ciudad Real
100%
Ciudad Real
100%
Córdoba
100%
Córdoba
100%
Córdoba
100%
Córdoba
100%
Córdoba
100%
Córdoba
100%
Córdoba
100%
Córdoba
100%
Córdoba
100%
Córdoba
100%
Córdoba
100%
Córdoba
100%
Córdoba
100%
Córdoba
100%
Córdoba
100%
Córdoba
100%
Córdoba
100%
Córdoba
100%
Córdoba
100%
Cuenca
100%
Cuenca
100%
Cuenca
100%
Cuenca
100%
Cuenca
100%
Cuenca
100%
Cuenca
100%
Cuenca
100%
Cuenca
100%
Cuenca
100%
Cuenca
100%
Cuenca
100%
Cuenca
100%
Cuenca
100%
Cuenca
100%
Cuenca
100%
Cuenca
100%
Cuenca
100%
Cuenca
100%
Cuenca
100%
Cuenca
100%
Cuenca
100%
Gipuzkoa
100%
Gipuzkoa
100%
Gipuzkoa
100%
Girona
100%
Girona
100%
Girona
100%
Girona
100%
Girona
100%
Granada
100%
Granada
100%
Granada
100%
Granada
100%
Granada
100%
Granada
100%
Granada
100%
Granada
100%
Granada
100%
Granada
100%
Granada
100%
Granada
100%
Granada
100%
Granada
100%
Granada
100%
Granada
100%
Granada
100%
Granada
100%
Guadalajara
100%
Guadalajara
100%
Guadalajara
100%
Guadalajara
100%
Guadalajara
100%
Guadalajara
100%
Guadalajara
100%
Guadalajara
100%
Guadalajara
100%
Huelva
100%
Huelva
100%
Huelva
100%
Huelva
100%
Huelva
100%
Huelva
100%
Huelva
100%
Huelva
100%
Huelva
100%
Huelva
100%
Huelva
100%
Huelva
100%
Huelva
100%
Huelva
100%
Huelva
100%
Huelva
100%
Huesca
100%
Huesca
100%
Huesca
100%
Huesca
100%
Huesca
100%
Huesca
100%
Huesca
100%
Huesca
100%
Huesca
100%
Huesca
100%
Huesca
100%
Huesca
100%
Huesca
100%
Huesca
100%
Huesca
100%
Huesca
100%
Huesca
100%
Huesca
100%
Huesca
100%
Islas Baleares
100%
Islas Baleares
100%
Islas Baleares
100%
Islas Baleares
100%
Islas Baleares
100%
Islas Baleares
100%
Islas Baleares
100%
Islas Baleares
100%
Jaén
100%
Jaén
100%
Jaén
100%
Jaén
100%
Jaén
100%
Jaén
100%
Jaén
100%
Jaén
100%
Jaén
100%
Jaén
100%
Jaén
100%
Jaén
100%
Jaén
100%
Jaén
100%
Jaén
100%
La Rioja
100%
La Rioja
100%
La Rioja
100%
La Rioja
100%
La Rioja
100%
La Rioja
100%
La Rioja
100%
Las Palmas
100%
Las Palmas
100%
Las Palmas
100%
Las Palmas
100%
León
100%
León
100%
León
100%
León
100%
León
100%
León
100%
León
100%
León
100%
León
100%
León
100%
León
100%
León
100%
León
100%
León
100%
León
100%
León
100%
León
100%
León
100%
León
100%
León
100%
León
100%
León
100%
León
100%
León
100%
León
100%
Lleida
100%
Lleida
100%
Lleida
100%
Lleida
100%
Lleida
100%
Lleida
100%
Lleida
100%
Lleida
100%
Lleida
100%
Lleida
100%
Lleida
100%
Lleida
100%
Lleida
100%
Lugo
100%
Lugo
100%
Lugo
100%
Lugo
100%
Lugo
100%
Lugo
100%
Lugo
100%
Lugo
100%
Lugo
100%
Lugo
100%
Lugo
100%
Lugo
100%
Lugo
100%
Lugo
100%
Lugo
100%
Madrid
100%
Madrid
100%
Madrid
100%
Madrid
100%
Madrid
100%
Madrid
100%
Madrid
100%
Madrid
100%
Madrid
100%
Madrid
100%
Madrid
100%
Madrid
100%
Madrid
100%
Madrid
100%
Madrid
100%
Málaga
100%
Málaga
100%
Málaga
100%
Málaga
100%
Málaga
100%
Málaga
100%
Málaga
100%
Málaga
100%
Málaga
100%
Málaga
100%
Murcia
100%
Murcia
100%
Murcia
100%
Murcia
100%
Murcia
100%
Murcia
100%
Murcia
100%
Murcia
100%
Murcia
100%
Murcia
100%
Murcia
100%
Murcia
100%
Murcia
100%
Navarra
100%
Navarra
100%
Navarra
100%
Navarra
100%
Navarra
100%
Navarra
100%
Navarra
100%
Navarra
100%
Navarra
100%
Navarra
100%
Navarra
100%
Navarra
100%
Navarra
100%
Ourense
100%
Ourense
100%
Ourense
100%
Ourense
100%
Ourense
100%
Ourense
100%
Ourense
100%
Ourense
100%
Ourense
100%
Palencia
100%
Palencia
100%
Palencia
100%
Palencia
100%
Palencia
100%
Palencia
100%
Palencia
100%
Palencia
100%
Palencia
100%
Palencia
100%
Palencia
100%
Pontevedra
100%
Pontevedra
100%
Pontevedra
100%
Pontevedra
100%
Salamanca
100%
Salamanca
100%
Salamanca
100%
Salamanca
100%
Salamanca
100%
Salamanca
100%
Salamanca
100%
Salamanca
100%
Salamanca
100%
Salamanca
100%
Salamanca
100%
Salamanca
100%
Salamanca
100%
Salamanca
100%
Salamanca
100%
Salamanca
100%
Santa Cruz de Tenerife
100%
Santa Cruz de Tenerife
100%
Santa Cruz de Tenerife
100%
Santa Cruz de Tenerife
100%
Segovia
100%
Segovia
100%
Segovia
100%
Segovia
100%
Segovia
100%
Segovia
100%
Segovia
100%
Segovia
100%
Sevilla
100%
Sevilla
100%
Sevilla
100%
Sevilla
100%
Sevilla
100%
Sevilla
100%
Sevilla
100%
Sevilla
100%
Sevilla
100%
Sevilla
100%
Sevilla
100%
Sevilla
100%
Sevilla
100%
Sevilla
100%
Sevilla
100%
Sevilla
100%
Sevilla
100%
Sevilla
100%
Sevilla
100%
Soria
100%
Soria
100%
Soria
100%
Soria
100%
Soria
100%
Soria
100%
Soria
100%
Soria
100%
Soria
100%
Soria
100%
Tarragona
100%
Tarragona
100%
Tarragona
100%
Tarragona
100%
Tarragona
100%
Tarragona
100%
Tarragona
100%
Teruel
100%
Teruel
100%
Teruel
100%
Teruel
100%
Teruel
100%
Teruel
100%
Teruel
100%
Teruel
100%
Teruel
100%
Teruel
100%
Teruel
100%
Teruel
100%
Teruel
100%
Teruel
100%
Teruel
100%
Teruel
100%
Teruel
100%
Teruel
100%
Teruel
100%
Teruel
100%
Toledo
100%
Toledo
100%
Toledo
100%
Toledo
100%
Toledo
100%
Toledo
100%
Toledo
100%
Toledo
100%
Toledo
100%
Toledo
100%
Toledo
100%
Toledo
100%
Toledo
100%
Toledo
100%
Toledo
100%
Toledo
100%
Valencia
100%
Valencia
100%
Valencia
100%
Valencia
100%
Valencia
100%
Valencia
100%
Valencia
100%
Valencia
100%
Valencia
100%
Valencia
100%
Valencia
100%
Valencia
100%
Valencia
100%
Valencia
100%
Valencia
100%
Valencia
100%
Valladolid
100%
Valladolid
100%
Valladolid
100%
Valladolid
100%
Valladolid
100%
Valladolid
100%
Valladolid
100%
Valladolid
100%
Valladolid
100%
Zamora
100%
Zamora
100%
Zamora
100%
Zamora
100%
Zamora
100%
Zamora
100%
Zamora
100%
Zamora
100%
Zamora
100%
Zamora
100%
Zamora
100%
Zamora
100%
Zamora
100%
Zamora
100%
Zaragoza
100%
Zaragoza
100%
Zaragoza
100%
Zaragoza
100%
Zaragoza
100%
Zaragoza
100%
Zaragoza
100%
Zaragoza
100%
Zaragoza
100%
Zaragoza
100%
Zaragoza
100%
Zaragoza
100%
Zaragoza
100%
Zaragoza
100%
Zaragoza
100%
Zaragoza
100%
Zaragoza
100%
Zaragoza
100%
Soria
86%
Burgos
83%
Cuenca
83%
Lleida
83%
Lleida
83%
Lleida
83%
Madrid
83%
Toledo
83%
Valencia
83%
Zamora
83%
Ciudad Real
80%
Córdoba
80%
Girona
80%
Guadalajara
80%
Jaén
80%
Jaén
80%
Jaén
80%
Jaén
80%
Jaén
80%
León
80%
Lleida
80%
Navarra
80%
Palencia
80%
Salamanca
80%
Sevilla
80%
Toledo
80%
Toledo
80%
Zaragoza
80%
Burgos
78%
Albacete
75%
Albacete
75%
Albacete
75%
Araba
75%
Badajoz
75%
Barcelona
75%
Burgos
75%
Cáceres
75%
Ciudad Real
75%
Ciudad Real
75%
Ciudad Real
75%
Ciudad Real
75%
Córdoba
75%
Cuenca
75%
Cuenca
75%
Cuenca
75%
Cuenca
75%
Girona
75%
Granada
75%
Granada
75%
Guadalajara
75%
Guadalajara
75%
Islas Baleares
75%
Jaén
75%
Jaén
75%
La Rioja
75%
La Rioja
75%
Las Palmas
75%
Lleida
75%
Lugo
75%
Murcia
75%
Ourense
75%
Palencia
75%
Salamanca
75%
Salamanca
75%
Santa Cruz de Tenerife
75%
Segovia
75%
Soria
75%
Soria
75%
Teruel
75%
Teruel
75%
Zamora
75%
Zaragoza
75%
Zaragoza
75%
Albacete
67%
Albacete
67%
Alicante
67%
Almería
67%
Badajoz
67%
Badajoz
67%
Barcelona
67%
Bizkaia
67%
Bizkaia
67%
Burgos
67%
Burgos
67%
Cáceres
67%
Cáceres
67%
Cáceres
67%
Cádiz
67%
Cádiz
67%
Castellón
67%
Castellón
67%
Castellón
67%
Ciudad Real
67%
Cuenca
67%
Cuenca
67%
Cuenca
67%
Cuenca
67%
Gipuzkoa
67%
Granada
67%
Granada
67%
Guadalajara
67%
Guadalajara
67%
Huelva
67%
Huesca
67%
Huesca
67%
Islas Baleares
67%
Islas Baleares
67%
Islas Baleares
67%
Jaén
67%
Jaén
67%
Jaén
67%
Las Palmas
67%
León
67%
Lleida
67%
Murcia
67%
Murcia
67%
Navarra
67%
Navarra
67%
Navarra
67%
Navarra
67%
Ourense
67%
Palencia
67%
Pontevedra
67%
Pontevedra
67%
Salamanca
67%
Salamanca
67%
Segovia
67%
Sevilla
67%
Soria
67%
Soria
67%
Soria
67%
Tarragona
67%
Toledo
67%
Toledo
67%
Toledo
67%
Valencia
67%
Valencia
67%
Valladolid
67%
Zamora
67%
Zaragoza
67%
Zaragoza
67%
Zaragoza
67%
Burgos
60%
Ciudad Real
60%
Las Palmas
60%
Lleida
60%
Soria
60%
Zaragoza
60%
Albacete
50%
Albacete
50%
Alicante
50%
Alicante
50%
Almería
50%
Almería
50%
Araba
50%
Ávila
50%
Ávila
50%
Badajoz
50%
Badajoz
50%
Barcelona
50%
Barcelona
50%
Barcelona
50%
Burgos
50%
Burgos
50%
Burgos
50%
Burgos
50%
Burgos
50%
Burgos
50%
Cáceres
50%
Cáceres
50%
Cantabria
50%
Cantabria
50%
Ciudad Real
50%
Ciudad Real
50%
Ciudad Real
50%
Córdoba
50%
Córdoba
50%
Córdoba
50%
Cuenca
50%
Cuenca
50%
Cuenca
50%
Cuenca
50%
Gipuzkoa
50%
Gipuzkoa
50%
Girona
50%
Granada
50%
Guadalajara
50%
Guadalajara
50%
Guadalajara
50%
Guadalajara
50%
Guadalajara
50%
Guadalajara
50%
Huesca
50%
Islas Baleares
50%
Jaén
50%
Jaén
50%
La Rioja
50%
La Rioja
50%
Las Palmas
50%
León
50%
León
50%
Lleida
50%
Lugo
50%
Lugo
50%
Madrid
50%
Madrid
50%
Málaga
50%
Murcia
50%
Murcia
50%
Navarra
50%
Ourense
50%
Palencia
50%
Palencia
50%
Pontevedra
50%
Santa Cruz de Tenerife
50%
Santa Cruz de Tenerife
50%
Segovia
50%
Sevilla
50%
Soria
50%
Soria
50%
Tarragona
50%
Teruel
50%
Teruel
50%
Teruel
50%
Teruel
50%
Teruel
50%
Toledo
50%
Valencia
50%
Valencia
50%
Burgos
33%
Ciudad Real
33%
Córdoba
33%
Cuenca
33%
Huesca
33%
Las Palmas
33%
Murcia
33%
Murcia
33%
Navarra
33%
Soria
33%
Teruel
33%
Teruel
33%
Toledo
33%
Valencia
33%
Valladolid
33%
Zaragoza
33%
Huesca
17%
A Coruña
0%
A Coruña
0%
A Coruña
0%
Albacete
0%
Albacete
0%
Albacete
0%
Albacete
0%
Alicante
0%
Alicante
0%
Almería
0%
Almería
0%
Araba
0%
Asturias
0%
Ávila
0%
Ávila
0%
Ávila
0%
Badajoz
0%
Badajoz
0%
Badajoz
0%
Badajoz
0%
Barcelona
0%
Barcelona
0%
Bizkaia
0%
Burgos
0%
Burgos
0%
Burgos
0%
Burgos
0%
Burgos
0%
Cáceres
0%
Cáceres
0%
Cáceres
0%
Cáceres
0%
Cádiz
0%
Castellón
0%
Castellón
0%
Castellón
0%
Castellón
0%
Ciudad Real
0%
Ciudad Real
0%
Ciudad Real
0%
Ciudad Real
0%
Ciudad Real
0%
Córdoba
0%
Córdoba
0%
Córdoba
0%
Córdoba
0%
Cuenca
0%
Cuenca
0%
Cuenca
0%
Cuenca
0%
Gipuzkoa
0%
Girona
0%
Girona
0%
Girona
0%
Granada
0%
Granada
0%
Guadalajara
0%
Guadalajara
0%
Guadalajara
0%
Guadalajara
0%
Guadalajara
0%
Guadalajara
0%
Guadalajara
0%
Huelva
0%
Huelva
0%
Huelva
0%
Huesca
0%
Huesca
0%
Huesca
0%
Huesca
0%
Huesca
0%
Huesca
0%
Huesca
0%
Huesca
0%
Islas Baleares
0%
Jaén
0%
Jaén
0%
Jaén
0%
La Rioja
0%
La Rioja
0%
La Rioja
0%
Las Palmas
0%
León
0%
León
0%
Lleida
0%
Lleida
0%
Lleida
0%
Madrid
0%
Madrid
0%
Madrid
0%
Madrid
0%
Málaga
0%
Málaga
0%
Málaga
0%
Murcia
0%
Navarra
0%
Navarra
0%
Navarra
0%
Navarra
0%
Ourense
0%
Ourense
0%
Palencia
0%
Pontevedra
0%
Pontevedra
0%
Salamanca
0%
Salamanca
0%
Salamanca
0%
Salamanca
0%
Salamanca
0%
Santa Cruz de Tenerife
0%
Santa Cruz de Tenerife
0%
Segovia
0%
Sevilla
0%
Sevilla
0%
Sevilla
0%
Sevilla
0%
Soria
0%
Soria
0%
Soria
0%
Soria
0%
Soria
0%
Tarragona
0%
Tarragona
0%
Tarragona
0%
Tarragona
0%
Teruel
0%
Teruel
0%
Teruel
0%
Teruel
0%
Toledo
0%
Toledo
0%
Toledo
0%
Toledo
0%
Toledo
0%
Toledo
0%
Valencia
0%
Valencia
0%
Valladolid
0%
Valladolid
0%
Zamora
0%
Zamora
0%
Zaragoza
0%
Zaragoza
0%
Zaragoza
0%
Zaragoza
0%
Zaragoza
0%
Zaragoza
0%
Zaragoza
0%
Zaragoza
0%
Zaragoza
0%
Zaragoza
0%
Zaragoza
0%
Zaragoza
0%
No se encontraron pruebas coincidentes
Distribución de puntuación
Porcentaje de gente con cada puntuación
Porcentaje por número respondido
Historial de tus puntuaciones
No has intentado esta prueba.